000
00256nam a2200109Ia 4500
008
190216s9999||||xx |||||||||||||| ||und||
100
_a
Bhaskaran
245
0
_a
Bharathiya Kavya Shashthram
260
_b
Vidyarthimithram
650
_a
Malayalam
942
_c
BK
999
_c
40406
_d
40406